[Event "Avoine op 24th"]
[Site "Avoine"]
[Date "2009.07.24"]
[Round "7"]
[White "Gros, Patrick"]
[Black "Moisan, Fabrice"]
[Result "0-1"]
[WhiteElo "2049"]
[BlackElo "2230"]
[PlyCount "66"]
[EventDate "2009.07.18"]
[EventType "swiss"]
[EventRounds "9"]
[EventCountry "FRA"]
[SourceTitle "CBM 131 Extra"]
[Source "ChessBase"]
[SourceDate "2009.09.03"]
[SourceVersion "2"]
[SourceVersionDate "2009.09.16"]
[SourceQuality "1"]

1. d4 Nf6 2. Bf4 c5 3. d5 d6 4. Nc3 Qa5 5. Nf3 g6 6. Bd2 Bg7 7. e4 0-0 8. Be2 Bg4 9. Ng5 Bxe2 10. Qxe2 h6 11. Nf3 Nbd7 12. 0-0 Ng4 13. h3 Nge5 14. Nxe5 Nxe5 15. f4 Nd7 16. h4 h5 17. Kh1 Nf6 18. Rf3 Qa6 19. Nb5 Nxe4 20. Qxe4 Qxb5 21. f5 Qxb2 22. Re1 Kh7 23. Rg3 Qd4 24. fxg6+ Kg8 25. gxf7+ Rxf7 26. Qxd4 cxd4 27. Bh6 Rc8 28. Bxg7 Rxg7 29. Rxg7+ Kxg7 30. Rxe7+ Kf6 31. Re2 Rc5 32. Kh2 Rxd5 33. Kh3 Ra5 0-1

[Event "Avoine op 24th"]
[Site "Avoine"]
[Date "2009.07.20"]
[Round "2"]
[White "Moisan, Fabrice"]
[Black "Dessenne, Francois"]
[Result "0-1"]
[WhiteElo "2230"]
[BlackElo "2044"]
[PlyCount "92"]
[EventDate "2009.07.18"]
[EventType "swiss"]
[EventRounds "9"]
[EventCountry "FRA"]
[SourceTitle "CBM 131 Extra"]
[Source "ChessBase"]
[SourceDate "2009.09.03"]
[SourceVersion "2"]
[SourceVersionDate "2009.09.16"]
[SourceQuality "1"]

1. Nf3 Nf6 2. g3 b5 3. Bg2 Bb7 4. 0-0 e6 5. d3 c5 6. e4 d6 7. Re1 Nbd7 8. a4 a6 9. b3 Be7 10. Nbd2 0-0 11. Bb2 Qc7 12. e5 dxe5 13. Nxe5 Bxg2 14. Kxg2 Nxe5 15. Bxe5 Qc6+ 16. Qf3 Qxf3+ 17. Kxf3 Nd5 18. Ne4 f6 19. Bb2 Nb4 20. Re2 Kf7 21. Nc3 Nc6 22. Nb1 Nd4+ 23. Bxd4 cxd4 24. Nd2 Rfc8 25. axb5 axb5 26. Rxa8 Rxa8 27. Ke4 Rc8 28. Nf3 e5 29. Nh4 Bd6 30. Kd5 Bf8 31. f4 Rc5+ 32. Ke4 g6 33. f5 g5 34. Nf3 Ke7 35. h4 g4 36. Ne1 h5 37. Rd2 Bh6 38. Rd1 Be3 39. Ra1 Bf2 40. Ra7+ Kd6 41. Rf7 Bxe1 42. Rxf6+ Ke7 43. Rh6 Bxg3 44. Rh7+ Kf6 45. Rh6+ Kg7 46. Rxh5 Bf4 0-1

[Event "Avoine op 24th"]
[Site "Avoine"]
[Date "2009.07.18"]
[Round "1"]
[White "Dubocage, Claude"]
[Black "Moisan, Fabrice"]
[Result "0-1"]
[WhiteElo "1976"]
[BlackElo "2230"]
[PlyCount "78"]
[EventDate "2009.07.18"]
[EventType "swiss"]
[EventRounds "9"]
[EventCountry "FRA"]
[SourceTitle "CBM 131 Extra"]
[Source "ChessBase"]
[SourceDate "2009.09.03"]
[SourceVersion "2"]
[SourceVersionDate "2009.09.16"]
[SourceQuality "1"]

1. d4 Nf6 2. Nf3 g6 3. g3 Bg7 4. Bg2 c5 5. d5 d6 6. c4 b5 7. cxb5 a6 8. b6 0-0 9. 0-0 a5 10. a4 Na6 11. Nc3 Nb4 12. e4 Ba6 13. Re1 Ng4 14. Bf1 Qxb6 15. h3 Ne5 16. Nxe5 Bxe5 17. Nb5 Bxb5 18. Bxb5 Na6 19. Rb1 Nc7 20. Bc4 e6 21. dxe6 fxe6 22. b3 Bd4 23. Be3 d5 24. Bxd4 cxd4 25. exd5 exd5 26. Bd3 Qf6 27. f4 Rae8 28. Qd2 Qb6 29. b4 Re3 30. bxa5 Qe6 31. Kh2 g5 32. f5 Qe5 33. Rg1 h5 34. Rbd1 Rxf5 35. Bxf5 Re2+ 36. Qxe2 Qxe2+ 37. Kh1 Qf3+ 38. Kh2 Qxf5 39. Rxd4 Qf2+ 0-1

[Event "Cannes op"]
[Site "Cannes"]
[Date "1999.??.??"]
[Round "2"]
[White "Moisan, Fabrice"]
[Black "Sulava, Nenad"]
[Result "0-1"]
[WhiteElo "2190"]
[BlackElo "2466"]
[PlyCount "92"]
[EventDate "1999.??.??"]
[EventType "swiss"]
[EventRounds "9"]
[EventCountry "FRA"]
[SourceTitle "EXT 2000"]
[Source "ChessBase"]
[SourceDate "1999.11.16"]
[SourceVersion "1"]
[SourceVersionDate "1999.11.16"]
[SourceQuality "1"]

1. Nf3 d5 2. g3 Nc6 3. d4 Bg4 4. Bg2 Qd7 5. h3 Bf5 6. c4 e6 7. Nc3 Bb4 8. Qb3 Nge7 9. 0-0 0-0 10. a3 Bxc3 11. Qxc3 dxc4 12. Qxc4 e5 13. Nxe5 Nxe5 14. dxe5 Bxh3 15. Bf4 Bxg2 16. Kxg2 Nd5 17. Rad1 c6 18. Bc1 Qe6 19. b3 Qxe5 20. e4 Nf6 21. f3 Rfd8 22. Qc2 Qe6 23. Bb2 Ne8 24. f4 f6 25. f5 Qf7 26. Rde1 Rd7 27. Re2 Rad8 28. e5 fxe5 29. Bxe5 Rd3 30. f6 Nxf6 31. Bxf6 gxf6 32. b4 Qd5+ 33. Kh2 Rd2 34. Qxd2 Qxd2 35. Rxd2 Rxd2+ 36. Kh3 Kf7 37. Rf3 h5 38. Rc3 a6 39. Re3 f5 40. Rc3 Kf6 41. Re3 Ra2 42. Rc3 Kg5 43. Re3 f4 44. gxf4+ Kxf4 45. Re7 Rxa3+ 46. Kh4 b5 0-1

[Event "FRA-chT2 9899"]
[Site "France"]
[Date "1998.??.??"]
[Round "4"]
[White "Crouan, Stephane"]
[Black "Moisan, Fabrice"]
[Result "1/2-1/2"]
[WhiteElo "2200"]
[BlackElo "2150"]
[PlyCount "118"]
[EventDate "1998.??.??"]
[EventType "team"]
[EventRounds "9"]
[EventCountry "FRA"]
[SourceTitle "EXT 2008"]
[Source "ChessBase"]
[SourceDate "2007.11.25"]
[SourceVersion "1"]
[SourceVersionDate "2007.11.25"]
[SourceQuality "1"]

1. e4 c5 2. Nf3 Nc6 3. d4 cxd4 4. Nxd4 g6 5. c4 Nf6 6. Nc3 d6 7. Be2 Nxd4 8. Qxd4 Bg7 9. Bg5 0-0 10. Qd2 Bd7 11. 0-0 Bc6 12. f3 a5 13. b3 Nd7 14. Rac1 Re8 15. Rfd1 Qb6+ 16. Be3 Nc5 17. Nd5 Bxd5 18. cxd5 Rec8 19. Rc2 Rc7 20. Rdc1 Rac8 21. g3 Rf8 22. Kg2 Kh8 23. Bd4 Bxd4 24. Qxd4+ f6 25. h4 Rcc8 26. g4 Ra8 27. f4 Rae8 28. f5 Rg8 29. Kf3 Ref8 30. Rg1 g5 31. h5 h6 32. Rgc1 Ra8 33. Rc3 Rac8 34. a4 Kg7 35. Bb5 Rc7 36. Qe3 Rgc8 37. R1c2 Kf7 38. Rc1 Kf8 39. R1c2 Kf7 40. Rc1 Kg7 41. Rc4 Qa7 42. R1c3 Qb8 43. Qc1 Qa7 44. Qe3 Qb6 45. Rc2 Ra8 46. R2c3 Rcc8 47. Rc2 Qd8 48. R2c3 Rc7 49. Qc1 b6 50. Qc2 Rca7 51. Ke3 Rb8 52. Qc1 Kf8 53. Qc2 Qc7 54. Qc1 Rd8 55. Qc2 Qb8 56. Qc1 Kg7 57. Qc2 Rc7 58. Qc1 Qa7 59. Qc2 Rdc8 1/2-1/2

[Event "Belgrade op"]
[Site "Belgrade"]
[Date "1991.??.??"]
[Round "?"]
[White "Lalev, Dimitar"]
[Black "Moisan, Fabrice"]
[Result "1-0"]
[WhiteElo "2420"]
[BlackElo "2210"]
[PlyCount "71"]
[EventDate "1991.??.??"]
[EventType "swiss"]
[EventRounds "11"]
[EventCountry "YUG"]
[SourceTitle "EXT 1997"]
[Source "ChessBase"]
[SourceDate "1996.11.15"]
[SourceVersion "1"]
[SourceVersionDate "1996.11.15"]
[SourceQuality "1"]

1. d4 Nf6 2. Nf3 g6 3. c4 Bg7 4. Nc3 d6 5. e4 0-0 6. Be2 c6 7. 0-0 Qc7 8. Bg5 Nbd7 9. Qd2 Re8 10. b4 b6 11. a3 Bb7 12. Rab1 e5 13. d5 c5 14. Ne1 Ba6 15. Rc1 h5 16. g3 Kh7 17. Ng2 Ng8 18. h4 Rf8 19. Bd3 Rae8 20. Qc2 Ra8 21. Bd2 Nh6 22. Ne3 Qd8 23. Kg2 Kh8 24. f3 Qe7 25. Rh1 Bc8 26. Rb1 Bb7 27. Na4 Rac8 28. bxc5 Nxc5 29. Nxc5 Rxc5 30. a4 Ba6 31. Bb4 Rc7 32. a5 b5 33. Qa2 bxc4 34. Bxc4 Bxc4 35. Nxc4 Rfc8 36. Bxd6 1-0

[Event "Cannes op"]
[Site "Cannes"]
[Date "1990.??.??"]
[Round "8"]
[White "Kiss, Pal"]
[Black "Moisan, Fabrice"]
[Result "1-0"]
[WhiteElo "2300"]
[BlackElo "2080"]
[PlyCount "69"]
[EventDate "1990.02.??"]
[EventType "swiss"]
[EventRounds "9"]
[EventCountry "FRA"]
[SourceTitle "EXT 1997"]
[Source "ChessBase"]
[SourceDate "1996.11.15"]
[SourceVersion "1"]
[SourceVersionDate "1996.11.15"]
[SourceQuality "1"]

1. d4 Nf6 2. c4 g6 3. Nc3 Bg7 4. e4 0-0 5. Be2 d6 6. Nf3 e5 7. 0-0 Nc6 8. d5 Ne7 9. Ne1 Ne8 10. f3 f5 11. g4 f4 12. h4 Bf6 13. Ng2 Bd7 14. Bd2 Kf7 15. Be1 Ng8 16. Kh2 h5 17. g5 Bxg5 18. hxg5 Qxg5 19. Rh1 Qh6 20. Kg1 g5 21. b4 Ngf6 22. c5 Qg7 23. Kf1 h4 24. Bf2 Nh5 25. Rg1 h3 26. Ne1 Ng3+ 27. Bxg3 fxg3 28. Rxg3 h2 29. Kg2 h1Q+ 30. Kxh1 Qh6+ 31. Kg1 Qh4 32. Kf2 Nf6 33. Ng2 Qh2 34. Qh1 Qxh1 35. Rxh1 1-0

[Event "Cannes op"]
[Site "Cannes"]
[Date "1990.??.??"]
[Round "7"]
[White "Moisan, Fabrice"]
[Black "Herndl, Harald"]
[Result "0-1"]
[WhiteElo "2080"]
[BlackElo "2300"]
[PlyCount "52"]
[EventDate "1990.02.??"]
[EventType "swiss"]
[EventRounds "9"]
[EventCountry "FRA"]
[SourceTitle "EXT 1997"]
[Source "ChessBase"]
[SourceDate "1996.11.15"]
[SourceVersion "1"]
[SourceVersionDate "1996.11.15"]
[SourceQuality "1"]

1. e4 e6 2. d4 d5 3. e5 c5 4. c3 Nc6 5. Nf3 Nh6 6. Bxh6 gxh6 7. a3 c4 8. g3 Bg7 9. Nh4 0-0 10. Bh3 f6 11. f4 fxe5 12. dxe5 Rxf4 13. gxf4 Qxh4+ 14. Ke2 Qxh3 15. Qf1 Qd3+ 16. Kf2 Qe4 17. Kg1 Bd7 18. Nd2 Qf5 19. Qf3 Rf8 20. Rf1 Ne7 21. h4 Ng6 22. h5 Nxf4 23. Rh4 Bxe5 24. Qg4+ Qxg4+ 25. Rxg4+ Kh8 26. Nf3 Bd6 0-1

[Event "Cannes op"]
[Site "Cannes"]
[Date "1990.??.??"]
[Round "6"]
[White "Moulain, Jean Pierre"]
[Black "Moisan, Fabrice"]
[Result "0-1"]
[WhiteElo "2280"]
[BlackElo "2080"]
[PlyCount "88"]
[EventDate "1990.02.??"]
[EventType "swiss"]
[EventRounds "9"]
[EventCountry "FRA"]
[SourceTitle "EXT 1997"]
[Source "ChessBase"]
[SourceDate "1996.11.15"]
[SourceVersion "1"]
[SourceVersionDate "1996.11.15"]
[SourceQuality "1"]

1. c4 g6 2. d4 Bg7 3. Nc3 Nf6 4. e4 0-0 5. Be3 d6 6. f3 e5 7. Nge2 Nc6 8. Qd2 a6 9. d5 Ne7 10. Bh6 Nd7 11. g4 Rb8 12. Ng3 f6 13. h4 Rf7 14. Be2 Qf8 15. Be3 b6 16. 0-0-0 Nc5 17. b4 Nb7 18. h5 g5 19. h6 Bxh6 20. Nh5 Ng6 21. Bd3 Bg7 22. Ne2 a5 23. a3 axb4 24. axb4 Ra8 25. Kb2 Bd7 26. Neg3 Qb8 27. Nf5 Bxf5 28. gxf5 Nf4 29. Bxf4 exf4 30. Bc2 Qe8 31. Qc3 Qe5 32. Qxe5 dxe5 33. Ra1 Rff8 34. Ba4 Nd6 35. Kc3 g4 36. c5 bxc5 37. bxc5 Nb7 38. fxg4 Nxc5 39. Bc2 Rfc8 40. Kc4 Nb7 41. Rhb1 Rxa1 42. Rxa1 c6 43. Bb3 cxd5+ 44. Kxd5 Kf7 0-1